Road Runner & Wile E. Coyote Pseudo-Taxonomy Quiz Stats

 Plays Quiz Updated Mar 24, 2020

Support Sporcle.
Go Orange.
Score 0/44 Timer 03:00
1 Play Today
Pseudo-Taxonomic Nomenclature Enter RR or WE % Correct
Birdibus Zippibus ???
88.5%
Super-Sonicus ???
88.4%
Accelerati Incredibilus ???
88.4%
Birdius High-Ballius ???
87.8%
Disappearialis Quickius ???
87.7%
Hot-Roddicus Supersonicus ???
87.5%
Speedipus Rex ???
87.2%
Ultra-Sonicus Ad Infinitium ???
86.9%
Burnius-Roadibus ???
86.3%
Tastyus Supersonicus ???
85.7%
Carnivorous Slobbius ???
84.8%
Carnivorous Vulgaris ???
84.4%
Grotesques Appetitus ???
84.2%
Burn-em Upus Asphaltus ???
84.1%
Velocitus Tremenjus ???
83.9%
Caninus Nervous Rex ???
83.9%
Apetitius Giganticus ???
83.7%
Hungrii Flea-Bagius ???
83.6%
Eatius-Slobbius ???
83.4%
Eatibus Almost Anythingus ???
83.3%
Eatibus Anythingus ???
83.1%
Velocitus Delectibus ???
82.9%
Pseudo-Taxonomic Nomenclature Enter RR or WE % Correct
Delicius-Delicius ???
82.5%
Dogius Ignoramius ???
82.5%
Fastius Tasty-us ???
82%
Hardheadipus Delirius ???
81.6%
Overconfidentii Vulgaris ???
81.4%
Eternalii Famishiis ???
81.3%
Famishius Vulgaris Ingeniusi ???
80.9%
Velocitus Incalculus ???
80.9%
Digoutius-Hot-Rodis ???
80.3%
Famishius-Famishius ???
80.2%
Boulevardius Burnupius ???
79.9%
Tid-Bittius Velocitus ???
78.3%
Hard-Headipus Ravenus ???
76.4%
Famishius Fantasticus ???
75.3%
Evereadii Eatibus ???
74.3%
Eatius Birdius ???
71.2%
Nemesis Ridiculii ???
62.1%
Batoutahelius???
60.8%
Road-Runnerus Digestus ???
59.1%
Digoutius-Unbelieveus ???
51.4%
Dig-Outius Tid-Bittius ???
42.9%
Semper Food-Ellus ???
41.9%

You're not logged in!

Compare scores with friends on all Sporcle quizzes.
OR
Log In

From the Vault

Four Word Movie Reviews

by SporcleAdmin

Funny Sporcle About Movies.
Remove Ads.
Support Sporcle.
Get the best of Sporcle when you Go Orange. This ad-free experience offers more features, more stats, and more fun while also helping to support Sporcle. Thank you for becoming a member.

Show Comments

Extras

Top Quizzes Today


Score Distribution

Your Account Isn't Verified!

In order to create a playlist on Sporcle, you need to verify the email address you used during registration. Go to your Sporcle Settings to finish the process.

Report this User

Report this user for behavior that violates our Community Guidelines.

Details: